000 00593nam a2200193Ia 4500
003 GCL
008 140319s9999 xx 000 0 ara d
040 _aGCL /
_cGCL
082 0 4 _a257.2
_bم ج
100 1 _aمحمد كامل حسن
245 1 0 _aالجذية فى الاسلام: ضربية الرؤوس وضربية الارض /
_cمحمد كامل حسن
260 _a[S.N] :
_bمنشورات دار مكتبة الحياه
300 _a77 ص
490 _a
650 0 4 _aالاسلام
650 0 4 _aضريبة الرؤوس
650 0 4 _aضربية الارض
942 _2ddc
_cBK
999 _c54149
_d54149